000 00283nam a2200109Ia 4500
008 200302s9999 xx 000 0 und d
100 _aAsok Kumar Das
245 _aWonders of Nature Ustad Mansur at the Mughal Court
260 _bMarg Publication
260 _c2012
300 _a176 P.,
999 _c3169
_d3169